000 00536nam a2200193 a 4500
001 16634
003 CO-ViMGA
008 141112s2004 ck r 000 u spa d
020 _a847223682X
040 _aCO-ViMGA
_bspa
_cCO-ViMGA
082 0 4 _a891.863 K852i
100 1 _aKundera, Milan
_919736
245 1 0 _aLa insoportable levedad del ser
260 _aBarcelon (España) :
_bTusquets,
_c2002
300 _a320.p.
590 _aForma de adquisición : Premio - Mincultura
650 1 4 _aNOVELA CHECOSLOVACA
_923039
942 _2ddc
_cBK
999 _c26360
_d26360